000 01184nam a2200373 a 4500
001 22459
003 SK-KTurca
005 20260328125333.0
008 240314s2005 xo o g 000 0aslo
015 _aSNBA2006/04-02163
020 _a8055110948
_q(viaz.)
035 _a23AF5B2F-2BE5-4F83-A28F-05EAEB01A03F
035 _aurn:nbn:sk:snk-aml6vm
035 _aurn:nbn:sk:snk-am008u7a
040 _aSNK
_bslo
_cSNK
041 0 _aslo
044 _axo
_cSK
072 7 _a929
_xBiografie
_2konspekt
080 _a821.162.4-94
_22001
080 _a929 Jamnická, Vilma
_22001
080 _a929
_2MDT-MRF
080 _a792.071.2
_22001
100 1 _aJamnická, Vilma,
_d1906-2008
_4aut
245 1 0 _aElixír môjho života
_cVilma Jamnická; napísala Marika Studeničová; fotografie: Ladislav Lajcha, Peter Procházka
250 _a1. vyd.
260 _aBratislava
_bIkar
_c2005
300 _a174 s.
_bfotogr.
_c21 cm
600 1 7 _aJamnická, Vilma,
_d1906-2008
_2SNKMA
655 7 _aautobiografie
_2SNKPH
700 1 _aStudeničová, Marika,
_d1964-
_4aut
700 1 _aLajcha, Ladislav,
_d1932-2018
_4pht
700 1 _aProcházka, Peter,
_d1952-
_4pht
942 _2ddc
_cKLDO
_n0
999 _c22459
_d22459